Economía de remesas del trabajo: eficiencia de la racionalidad solidaria /
Salvato in:
| Autore principale: | |
|---|---|
| Altri autori: | |
| Natura: | testo |
| Soggetti: | |
| Tags: |
Aggiungi Tag
Nessun Tag, puoi essere il primo ad aggiungerne!!
|
MARC
| LEADER | 00000 a a2200000 04500 | ||
|---|---|---|---|
| 001 | 5222 | ||
| 003 | |||
| 040 | |||
| 100 | |a Márquez, Marielos | ||
| 245 | |a Economía de remesas del trabajo: |b eficiencia de la racionalidad solidaria / |c Marielos Márquez | ||
| 650 | |a MIGRACION | ||
| 650 | |a INGRESO | ||
| 650 | |a TEORIA ECONOMICA | ||
| 650 | |a EL SALVADOR | ||
| 650 | |a <14.07.01><03.02.05><03.01.02> | ||
| 700 | |a Cuéllar, Amelia E. |a Guevara, Miguel A. | ||
| 773 | |g volumen 61, número 695; páginas 851-867 | ||
| 999 | |c 27710 |d 27710 | ||
| 773 | 0 | |0 18723 |9 2697 |a Universidad Centroamericana José Simeón Cañas (UCA) |d San Salvador, El Salvador Universidad Centroamericana José Simeón |o 02166 |t ECA: | |
